=LDR 00000nam 2200000 4500 =001 INLIS000000000027312 =005 20200618120743 =035 ##$$a 0010-061300000027312 =008 200618################g##########0#ind## =041 ##$$a Ind =082 ##$$a 2x4.3 =090 ##$$a 2x4.3, Ass b =100 ##$$a As sadlan,shalih ghanim =245 1#$$a Bagaimana mengatasi pertikaian suami istri? /$c Shalih Gharim As sadlan;Penerjemah,Suhari saiful abror(Abu fatih) =260 ##$$a Jakarta :$b Darus Sunnah,$c 2007 =300 ##$$a viii,176 hlm ; $c 17 x 11 cm =650 #4$$a ISLAM-PERKAWINAN =700 #$$a ABROR,Suhari saiful =850 ##$$a NBPNMAT =020 ##$$a 978-979-3772-51-6 =084 ##$$a 2x4.3 ASS b =504 ##$$a Bibliografi: halaman 163-176 =990 ##$$a 20703843 =990 ##$$a 15691569 =990 ##$$a 23747 pb.07 =990 ##$$a 20703843